Video Game Characters By Picture - W - Statistics

General Stats
  • This quiz has been taken 110 times
  • The average score is 8 of 12
Answer Stats
Picture Answer % Correct
Wario
99%
Waluigi
97%
Watergirl
81%
Wither
81%
Wolf O'Donnell
70%
William Afton
65%
Wiggler
62%
Wall-nut
59%
Widowmaker
57%
Doctor {Wily}
52%
Wobbuffet
49%
Wheatley
38%
No matching quizzes found
Score Distribution
Percent of People with Each Score
Percentile by Number Answered
Your Score History
You have not taken this quiz